000 00602nam a2200193 i 4500
001 44383
003 ES-MaACL
005 20230906161022.0
007 t|
008 030321s1971 sp ||||1| spa d
100 1 _aCillero Ulecia, Antonio,
_d1917-2007
_938827
245 1 3 _aEl cisne del Najerilla
_b: (Don Esteban Manuel de Villegas) /
_cAntonio Cillero Ulecia.
260 _a[Logroño :
_bOchoa,
_c1971]
300 _a232 p., 13 lám. ;
_c17 cm.
600 1 4 _aVillegas, Esteban Manuel de.
_9115205
852 _aES-MaACL
_jC-43891
852 _aES-MaACL
_jC-44955
999 _c44383
_d44383